Surgical rubber gloves-specification. (First Revision). (Record no. 73768)

MARC details
000 -LEADER
fixed length control field 00293nam a2200109Ia 4500
245 #0 - TITLE STATEMENT
Title Surgical rubber gloves-specification. (First Revision).
260 ## - PUBLICATION, DISTRIBUTION, ETC. (IMPRINT)
Year of publication 1989
500 ## - GENERAL NOTE
General note Standard number: IS 4148
650 ## - SUBJECT ADDED ENTRY--TOPICAL TERM
Topical Term Surgical gloves
942 ## - ADDED ENTRY ELEMENTS (KOHA)
Koha item type Standards
Holdings
Withdrawn status Lost status Damaged status Not for loan Collection code Home library Current library Date acquired Koha item type
      Standards Indian standards RRII Library RRII Library 31/12/2021 Standards